[Event "GER-ch"]
[Site "Magdeburg"]
[Date "2020.08.22"]
[Round "9"]
[White "Nguyen, Alex Dac Vuong"]
[Black "Andre, Gordon"]
[Result "1-0"]
[WhiteElo "2366"]
[BlackElo "2373"]
[EventDate "2020.08.16"]
[PlyCount "173"]

1. e4 e6 2. d4 d5 3. Nc3 Bb4 4. e5 Ne7 5. a3 Bxc3+ 6. bxc3 b6 7. h4 h5 8. Be2 g6 9. Bg5 c5 10. Bf6 Rg8 11. Qd2 Ba6 12. Qh6 Bxe2 13. Nxe2 Nd7 14. Qh7 Qc7 15. O-O Nf8 16. Qh6 Nf5 17. Qd2 Nh7 18. Bg5 Nxg5 19. Qxg5 Qe7 20. g3 Qxg5 21. hxg5 Rc8 22. Ra2 Kd7 23. Rb1 Rc6 24. Kf1 Rgc8 25. Rbb2 cxd4 26. cxd4 Rc4 27. c3 Ne7 28. Ke1 Rh8 29. Kf1 h4 30. g4 h3 31. Rb1 Rcc8 32. Kg1 h2+ 33. Kg2 Rh4 34. f3 Rch8 35. Rh1 Nc6 36. Ng3 Na5 37. Nf1 Rc8 38. Rc2 Nc4 39. Ra2 Na5 40. Rc2 Nb3 41. Ne3 Rch8 42. Nf1 Na5 43. Ra2 Nc4 44. Kg3 Rh3+ 45. Kg2 R3h7 46. Kg3 Rc8 47. a4 Rch8 48. Kf4 Rh3 49. Rhxh2 Rxh2 50. Nxh2 Kc6 51. Nf1 Rh1 52. Ne3 Rc1 53. Nxc4 dxc4 54. Ra3 Kd5 55. Ke3 a5 56. Kd2 Rf1 57. Ke2 Rc1 58. Kd2 Rf1 59. Ke2 Rg1 60. Kd2 Rg2+ 61. Ke1 Rc2 62. Kf1 Kc6 63. Ke1 Kd5 64. Kf1 Kc6 65. Ke1 b5 66. axb5+ Kxb5 67. f4 Rg2 68. f5 Rxg4 69. f6 Rxg5 70. Kf2 Rh5 71. Ra1 Rh2+ 72. Kg3 Rh8 73. Kf4 a4 74. Rb1+ Kc6 75. Rb4 Ra8 76. Rxc4+ Kd7 77. Rb4 a3 78. Rb1 a2 79. Ra1 Kc6 80. c4 Ra3 81. Kg5 Kd7 82. d5 exd5 83. cxd5 Rg3+ 84. Kh6 Ra3 85. Kg7 Ke8 86. e6 Ra7 87. Rxa2 1-0

[Event "GER-ch"]
[Site "Magdeburg"]
[Date "2020.08.22"]
[Round "9"]
[White "Pfreundt, Jakob"]
[Black "Parvanyan, Ashot"]
[Result "1/2-1/2"]
[WhiteElo "2397"]
[BlackElo "2449"]
[EventDate "2020.08.16"]
[PlyCount "58"]

1. e4 e6 2. d4 d5 3. exd5 exd5 4. Nf3 Nc6 5. Bd3 Bg4 6. c3 Qf6 7. Be2 Bd6 8. b3 Nge7 9. Na3 O-O-O 10. O-O h6 11. Nb5 Bf4 12. Bxf4 Qxf4 13. Re1 Ng6 14. g3 Qf6 15. Nd2 Bxe2 16. Qxe2 Qf5 17. a4 h5 18. h4 Rhe8 19. Qf3 Qxf3 20. Nxf3 f6 21. Nd2 Nge7 22. Re2 Nf5 23. Rae1 Rxe2 24. Rxe2 Kd7 25. Kg2 Rg8 26. Nf3 Na5 27. Nd2 Nc6 28. Nf3 Na5 29. Nd2 Nc6 1/2-1/2

[Event "GER-ch"]
[Site "Magdeburg"]
[Date "2020.08.22"]
[Round "9"]
[White "Schulz, Lukas"]
[Black "Florstedt, Johannes"]
[Result "0-1"]
[WhiteElo "2293"]
[BlackElo "2350"]
[EventDate "2020.08.16"]
[PlyCount "68"]

1. e4 c5 2. Nf3 d6 3. d4 cxd4 4. Nxd4 Nf6 5. Nc3 a6 6. h3 e6 7. Qe2 b5 8. g4 b4 9. Nd1 Bb7 10. Bg2 g6 11. O-O Bg7 12. a3 h5 13. g5 Nh7 14. Qc4 Nxg5 15. Qxb4 Bc8 16. f4 Nh7 17. e5 a5 18. Qb3 d5 19. c4 Ba6 20. Ne3 O-O 21. Rd1 dxc4 22. Nxc4 Bxc4 23. Qxc4 Ra7 24. Be3 Rc7 25. Qb3 Qh4 26. Kh2 Bh6 27. Rf1 Nd7 28. Rad1 Rb8 29. Qa2 Nxe5 30. fxe5 Bxe3 31. Nxe6 fxe6 32. Qxe6+ Kg7 33. Rd7+ Rxd7 34. Qxd7+ Kh6 0-1

[Event "GER-ch"]
[Site "Magdeburg"]
[Date "2020.08.22"]
[Round "9"]
[White "Siebrecht, Sebastian"]
[Black "Ehmann, Thilo"]
[Result "1/2-1/2"]
[WhiteElo "2417"]
[BlackElo "2329"]
[EventDate "2020.08.16"]
[PlyCount "104"]

1. d4 Nf6 2. c4 g6 3. Nc3 Bg7 4. e4 O-O 5. Nf3 d6 6. Be2 e5 7. Be3 Ng4 8. Bg5 f6 9. Bd2 exd4 10. Nxd4 f5 11. Bxg4 fxg4 12. Be3 c6 13. Qd2 Re8 14. O-O Nd7 15. Rae1 Ne5 16. b3 Qa5 17. Rc1 Nf7 18. Kh1 Qh5 19. Nde2 Qh4 20. Bd4 Bh6 21. Nf4 Qe7 22. Rce1 Ne5 23. Be3 Bg7 24. Nfe2 Bf6 25. Rd1 Nf7 26. Bf4 Rd8 27. Nd4 Ne5 28. Rfe1 Bd7 29. Nc2 Be6 30. Ne2 Bf7 31. Ned4 Rd7 32. Bxe5 Bxe5 33. f4 gxf3 34. Nxf3 Rad8 35. Ne3 Bg7 36. Ng4 Be6 37. Nh6+ Kh8 38. Nf5 Bxf5 39. exf5 Qf6 40. fxg6 Qxg6 41. Re2 d5 42. Qe1 h6 43. Re6 Qf7 44. c5 d4 45. Qe4 d3 46. Ne5 Qxe6 47. Ng6+ Qxg6 48. Qxg6 d2 49. Qe6 Rd5 50. Qe7 R5d7 51. Qe6 Rd5 52. Qe7 R5d7 1/2-1/2

[Event "GER-ch"]
[Site "Magdeburg"]
[Date "2020.08.22"]
[Round "9"]
[White "Trifan, Andrei Ioan"]
[Black "Tschernatsch, Johannes"]
[Result "1/2-1/2"]
[WhiteElo "2249"]
[BlackElo "2241"]
[EventDate "2020.08.16"]
[PlyCount "83"]

1. e4 c5 2. Nf3 Nc6 3. d4 cxd4 4. Nxd4 Nf6 5. Nc3 e5 6. Ndb5 d6 7. Bg5 a6 8. Na3 b5 9. Nd5 Be7 10. Bxf6 Bxf6 11. c4 b4 12. Nc2 O-O 13. Be2 a5 14. O-O Bg5 15. Qd3 Be6 16. Rad1 g6 17. f4 exf4 18. Nxf4 Bxf4 19. Rxf4 Qg5 20. g3 Qc5+ 21. Rf2 Rfd8 22. b3 a4 23. Nd4 Nxd4 24. Qxd4 Qxd4 25. Rxd4 axb3 26. axb3 Kf8 27. Bd1 Ke7 28. Rfd2 Rd7 29. Kf2 Ra6 30. Ke3 h6 31. h3 Rda7 32. h4 Ra3 33. Kf4 R7a6 34. g4 Ra2 35. g5 hxg5+ 36. hxg5 Rxd2 37. Rxd2 Ra8 38. Ke3 Ra5 39. Rg2 Bh3 40. Rh2 Be6 41. Kf4 Ra1 42. Rd2 1/2-1/2

[Event "GER-ch"]
[Site "Magdeburg"]
[Date "2020.08.22"]
[Round "9"]
[White "Voege, Tobias"]
[Black "Miller, Eduard"]
[Result "0-1"]
[WhiteElo "2326"]
[BlackElo "2392"]
[EventDate "2020.08.16"]
[PlyCount "108"]

1. c4 e5 2. g3 Nc6 3. Nc3 f5 4. Bg2 Nf6 5. e3 d6 6. Nge2 Be7 7. O-O O-O 8. d4 Qe8 9. Nd5 Bd8 10. Rb1 a5 11. Nec3 Ne7 12. b3 Nexd5 13. Nxd5 Nxd5 14. Bxd5+ Kh8 15. Bg2 Bf6 16. Ba3 exd4 17. exd4 f4 18. Qd2 Qg6 19. Qxf4 Bf5 20. Rbe1 Bg5 21. Qf3 c6 22. h4 Bd3 23. Qg4 Bf6 24. Qxg6 hxg6 25. Bxd6 Bxf1 26. Kxf1 Rfd8 27. Be5 Bxe5 28. dxe5 Kg8 29. e6 Rd2 30. Be4 Kf8 31. Bxg6 Ke7 32. a4 Rb2 33. Re3 Rd8 34. Bf5 Rf8 35. g4 g6 36. Bxg6 Rfxf2+ 37. Kg1 Rg2+ 38. Kh1 Rgd2 39. Re1 Rh2+ 40. Kg1 Rbg2+ 41. Kf1 Rxg4 42. h5 Rh1+ 43. Kf2 Rxe1 44. Kxe1 Kxe6 45. Kd2 Ke5 46. Kc3 Rg3+ 47. Kb2 c5 48. Bc2 Rh3 49. Bg6 Kd4 50. Ka3 Kc3 51. Bf7 Rh1 52. Ka2 Rh2+ 53. Ka3 Rb2 54. b4 cxb4# 0-1